[Event "OP-2012-0-02394"]
[Site "LSS email"]
[Date "2012.09.08"]
[Round "?"]
[White "Vontina, Maria"]
[Black "Yozagatli, Yasin"]
[Result "1-0"]
[WhiteElo "761"]
[BlackElo "800"]
[PlyCount "53"]
[EventDate "2012.09.05"]
[EventType "tourn (corr)"]
[EventRounds "4"]
[EventCountry "GER"]
[SourceTitle "Telechess CBM 165"]
[Source "ChessBase"]
[SourceDate "2015.03.11"]
[SourceVersion "1"]
[SourceVersionDate "2015.03.11"]
[SourceQuality "1"]

1. e4 e5 2. Nf3 Nc6 3. Bb5 f5 4. exf5 e4 5. Ng1 a6 6. Ba4 b5 7. Bb3 d5 8. Ne2 Bxf5 9. 0-0 Nf6 10. Ng3 Bg4 11. Qe1 Bc5 12. d3 Qe7 13. dxe4 dxe4 14. Nc3 0-0-0 15. Bg5 h6 16. Bxf6 Qxf6 17. Qxe4 Rd4 18. Qe1 a5 19. Nxb5 Rd7 20. c3 Re7 21. Qc1 Rf8 22. Qc2 h5 23. Ne4 Qe5 24. Nxc5 Qxc5 25. a4 Re2 26. Qc1 Rfxf2 27. Rxf2 1-0